| 000 | 00609nam a2200193 a 4500 | ||
|---|---|---|---|
| 001 | 3418 | ||
| 003 | CDMR | ||
| 005 | 20131121180754.0 | ||
| 008 | 130130s1976||||||||||||||||||||||||||||d | ||
| 020 | _a8437600774 | ||
| 040 |
_aCDMR _bcat _cCDMR |
||
| 100 | 1 |
_aHendricks, William Oral _92465 |
|
| 245 | 1 | 0 |
_aSemiología del discurso literario _b: una crítica científica del arte verbal _cWilliam O. Hendricks ; introducción de Mª del Carmen Bobes Naves |
| 260 |
_aMadrid _c1976 _bCátedra |
||
| 300 | _a253 p. | ||
| 650 | 0 | 4 |
_93349 _aAnàlisi del discurs |
| 650 | 0 | 4 |
_93416 _aCrítica literària |
| 942 |
_cMON _2udc |
||
| 999 |
_c3418 _d3418 |
||